000 00483nam a2200133Ia 4500
008 100328s9999 xx 000 0 und d
082 _b38559
100 _aपंडित बाळ ज.
245 _aक्रिकेट मंत्र तंत्र
260 _bमेहता पब्लिशिंग हाऊस
630 _aक्रिकेट मंत्र तंत्र
730 _aक्रिकेट मंत्र तंत्र
942 _cBOOK
999 _c527721
_d527718